书目信息 |
| 题名: |
畅销书浅规则
|
|
| 作者: | 李鲆 著 | |
| 分册: | ||
| 出版信息: | 北京 金城出版社 2017 |
|
| 页数: | 21,288页 | |
| 开本: | 21cm | |
| 丛书名: | ||
| 单 册: | ||
| 中图分类: | G235 | |
| 科图分类: | ||
| 主题词: | 畅销书--chang xiao shu--出版工作 | |
| 电子资源: | ||
| ISBN: | 978-7-5155-1398-0 | |
| 000 | 01171nam0 22002651 450 | |
| 001 | 0122100611 | |
| 005 | 20170322100611.0 | |
| 010 | @a978-7-5155-1398-0@dCNY49.00 | |
| 100 | @a20170112d2017 em y0chiy50 ea | |
| 101 | 0 | @achi |
| 102 | @aCN@b110000 | |
| 105 | @ay z 000yy | |
| 106 | @ar | |
| 200 | 1 | @a畅销书浅规则@9chang xiao shu qian gui ze@dSimple rules of the bestsellers@e成就畅销书的133个细节@e升级版@zeng@f李鲆著 |
| 210 | @a北京@c金城出版社@d2017 | |
| 215 | @a21,288页@d21cm | |
| 314 | @a李鲆,畅销书作家,出版专家,微商文案营创办人,天津万有文化传播有限公司总经理。主要著作有《畅销书浅规则》《畅销书营销浅规则》《软书:精英出版私人定制》等。 | |
| 330 | @a本书作者以专业的素质、传播的角度切入出版,对畅销书运作进行了一次较为完整的梳理,厘清了关于畅销书的种种错误观点,总结了畅销书运作的普遍规律,具有很强的实操性,对出版从业者和写作者都有借鉴价值。 | |
| 510 | 1 | @aSimple rules of the bestsellers@zeng |
| 517 | 1 | @a成就畅销书的133个细节@9cheng jiu chang xiao shu de 133ge xi jie |
| 606 | 0 | @a畅销书@9chang xiao shu@x出版工作 |
| 690 | @aG235@v5 | |
| 701 | 0 | @a李鲆@9li ping@4著 |
| 801 | 0 | @aCN@bTANGWEI@c20170308 |
| 905 | @b0958094-7@dG235@e71@f4 | |
| 畅销书浅规则=Simple rules of the bestsellers:成就畅销书的133个细节:升级版/李鲆著.-北京:金城出版社,2017 |
| 21,288页;21cm |
| ISBN 978-7-5155-1398-0:CNY49.00 |
| 本书作者以专业的素质、传播的角度切入出版,对畅销书运作进行了一次较为完整的梳理,厘清了关于畅销书的种种错误观点,总结了畅销书运作的普遍规律,具有很强的实操性,对出版从业者和写作者都有借鉴价值。 |
| ● |
| 相关链接 |
|
|
|
|
正题名:畅销书浅规则
索取号:G235/71
 
预约/预借
| 序号 | 登录号 | 条形码 | 馆藏地/架位号 | 状态 | 备注 |
| 1 | 0958094 | 209580942 | 第一样本阅览室/ [索取号:G235/71] | 在馆 | |
| 2 | 0958095 | 209580951 | 第四借阅区/ [索取号:G235/71] | 在馆 | |
| 3 | 0958096 | 209580960 | 第四借阅区/ [索取号:G235/71] | 在馆 | |
| 4 | 0958097 | 209580979 | 第四借阅区/ [索取号:G235/71] | 在馆 |